Problémy s deriváty u konečných uživatelů

Český derivátový trh. Účastíci derivátového trhu. Zaistenie neznamená zisk. OTC a burzové deriváty. Dohľad nad procesom riadenia rizík. Obchodovanie s derivátmi. Nezávislé oddelenie riadenia rizík. Vnútorný audit. Účtovné a daňové aspekty derivátov.

Salvato in:
Dettagli Bibliografici
Autore principale: Jílek, Josef
Natura: Capitolo di libro
Lingua:ceco
Soggetti:
Tags: Aggiungi Tag
Nessun Tag, puoi essere il primo ad aggiungerne!!

MARC

LEADER 00000naa a2200000 4500
001 r043000
005 20230913085758.4
041 0 |a cze 
044 |a CZ 
245 1 0 |a Problémy s deriváty u konečných uživatelů  |c Josef Jílek 
520 |a Český derivátový trh. Účastíci derivátového trhu. Zaistenie neznamená zisk. OTC a burzové deriváty. Dohľad nad procesom riadenia rizík. Obchodovanie s derivátmi. Nezávislé oddelenie riadenia rizík. Vnútorný audit. Účtovné a daňové aspekty derivátov. 
610 2 0 |a deriváty 
610 2 0 |a Česko 
610 2 0 |a zaistenie 
610 2 0 |a zisk 
610 2 0 |a risk management 
610 2 0 |a obchody burzové 
610 2 0 |a audit interný 
610 2 0 |a dane 
610 2 0 |a OTC 
100 1 |a Jílek, Josef